| 000 | 01485nam a2200409 i 4500 | ||
|---|---|---|---|
| 001 | 102953 | ||
| 003 | FlNmELB | ||
| 005 | 20241217173252.0 | ||
| 006 | m o d | | ||
| 007 | cr cnu|||||||| | ||
| 008 | 161010s2016 sp ob 000 0 eng d | ||
| 020 | _z9788499933924 | ||
| 020 | _a9788499933931 (e book) | ||
| 035 | _a(MiAaPQ)EBC4626925 | ||
| 035 | _a(Au-PeEL)EBL4626925 | ||
| 035 | _a(CaPaEBR)ebr11245707 | ||
| 035 | _a(OCoLC)984825307 | ||
| 040 |
_aFINmELB _bspa _erda _cFINmELB |
||
| 050 | 4 |
_aGV1003 _bM9382 2016 |
|
| 080 | _a796.34 | ||
| 082 | 0 |
_a796.34 _223 |
|
| 100 | 1 | _aMoyano Vázquez, Juanjo. | |
| 245 | 1 | 0 |
_a1001 Games and Exercises of Padel / _cJuanjo Moyano Vázquez. |
| 264 | 1 |
_aSevilla : _bWanceulen Editorial, _c2016. |
|
| 300 | _a1 recurso en línea (361 páginas) | ||
| 336 |
_atexto _btxt _2rdacontent/spa |
||
| 337 |
_acomputadora _bc _2rdamedia/spa |
||
| 338 |
_arecurso en línea _bcr _2rdacarrier/spa |
||
| 504 | _aContiene bibliografía. | ||
| 588 | _aDescripción basada en recurso en línea; Título de la página del título en PDF (e-libro, visto November 10, 2016). | ||
| 590 | _aRecurso electronico. Santa Fe, Arg. : e-libro, 2016. Disponible via World Wide Web. El acceso puede ser limitado para las bibliotecas afiliadas a e-libro. | ||
| 650 | 0 | _aPaddle tennis. | |
| 650 | 4 | _aDeporte. | |
| 655 | 4 | _aLibros electrónicos. | |
| 797 | 2 | _ae-libro, Corp. | |
| 856 | 4 | 0 | _uhttps://elibro.net/ereader/politecnicointernacional/63371 |
| 999 |
_c102953 _d102953 |
||